Review of Allied Health Education: 1 (Record no. 4356)
[ view plain ]
| 000 -LEADER | |
|---|---|
| fixed length control field | 01552cam a22004094a 4500 |
| 003 - CONTROL NUMBER IDENTIFIER | |
| control field | ALUPE UNIVERSITY |
| 005 - DATE AND TIME OF LATEST TRANSACTION | |
| control field | 20220323062629.0 |
| 008 - FIXED-LENGTH DATA ELEMENTS--GENERAL INFORMATION | |
| fixed length control field | 150623r20151974kyu o 00 0 eng d |
| 020 ## - INTERNATIONAL STANDARD BOOK NUMBER | |
| International Standard Book Number | 0813113229 |
| 040 ## - CATALOGING SOURCE | |
| Transcribing agency | ALUPE UNIVERSITY |
| 050 #4 - LIBRARY OF CONGRESS CALL NUMBER | |
| Classification number | R847 |
| Item number | .R48 1974 |
| 245 00 - TITLE STATEMENT | |
| Title | Review of Allied Health Education: 1 |
| Number of part/section of a work | 1 / |
| Statement of responsibility, etc. | Joseph Hamburg, general editor ; Darrel J. Mase, J. Warren Perry, associate editors ; Mary Dulmage, managing editor. |
| Number of part/section of a work | 1 / |
| 264 #1 - PRODUCTION, PUBLICATION, DISTRIBUTION, MANUFACTURE, AND COPYRIGHT NOTICE | |
| Place of production, publication, distribution, manufacture | Baltimore, Maryland : |
| Name of producer, publisher, distributor, manufacturer | Project Muse, |
| Date of production, publication, distribution, manufacture, or copyright notice | c1974. |
| 264 #3 - PRODUCTION, PUBLICATION, DISTRIBUTION, MANUFACTURE, AND COPYRIGHT NOTICE | |
| Place of production, publication, distribution, manufacture | Baltimore, Md. : |
| Name of producer, publisher, distributor, manufacturer | Project MUSE, |
| Date of production, publication, distribution, manufacture, or copyright notice | 2016 |
| 264 #4 - PRODUCTION, PUBLICATION, DISTRIBUTION, MANUFACTURE, AND COPYRIGHT NOTICE | |
| Date of production, publication, distribution, manufacture, or copyright notice | ©2015 |
| 300 ## - PHYSICAL DESCRIPTION | |
| Extent | 1 online resource (ix, 234 pages) |
| 336 ## - CONTENT TYPE | |
| Content type term | text |
| Content type code | txt |
| Source | rdacontent |
| 337 ## - MEDIA TYPE | |
| Media type term | computer |
| Media type code | c |
| Source | rdamedia |
| 338 ## - CARRIER TYPE | |
| Carrier type term | online resource |
| Carrier type code | cr |
| Source | rdacarrier |
| 500 ## - GENERAL NOTE | |
| General note | Issued as part of book collections on Project MUSE. |
| 504 ## - BIBLIOGRAPHY, ETC. NOTE | |
| Bibliography, etc. note | Includes bibliographical references. |
| 506 ## - RESTRICTIONS ON ACCESS NOTE | |
| Terms governing access | Access restricted to authorized users and institutions. |
| 588 ## - SOURCE OF DESCRIPTION NOTE | |
| Source of description note | Description based on print version record. |
| 650 #0 - SUBJECT ADDED ENTRY--TOPICAL TERM | |
| Topical term or geographic name entry element | Allied health personnel. |
| 650 #0 - SUBJECT ADDED ENTRY--TOPICAL TERM | |
| Topical term or geographic name entry element | Paramedical education. |
| 700 1# - ADDED ENTRY--PERSONAL NAME | |
| Personal name | Dulmage, Mary, |
| Relator term | editor. |
| 700 1# - ADDED ENTRY--PERSONAL NAME | |
| Personal name | Perry, J. Warren, |
| Relator term | editor. |
| 700 1# - ADDED ENTRY--PERSONAL NAME | |
| Personal name | Mase, Darrel Jay, |
| Dates associated with a name | 1905- |
| Relator term | editor. |
| 700 1# - ADDED ENTRY--PERSONAL NAME | |
| Personal name | Hamburg, Joseph, |
| Relator term | editor. |
| 710 2# - ADDED ENTRY--CORPORATE NAME | |
| Corporate name or jurisdiction name as entry element | Project Muse, |
| Relator term | distributor. |
| 710 2# - ADDED ENTRY--CORPORATE NAME | |
| Corporate name or jurisdiction name as entry element | Project Muse. |
| Relator term | distributor |
| 776 18 - ADDITIONAL PHYSICAL FORM ENTRY | |
| Relationship information | Print version: |
| International Standard Book Number | 9780813152660 |
| 856 40 - ELECTRONIC LOCATION AND ACCESS | |
| Uniform Resource Identifier | https://muse.jhu.edu/book/37906/ |
| 910 ## - USER-OPTION DATA (OCLC) | |
| User-option data | 8872036 |
| 942 ## - ADDED ENTRY ELEMENTS (KOHA) | |
| Source of classification or shelving scheme | |
| Koha item type | Book |
| 945 ## - LOCAL PROCESSING INFORMATION (OCLC) | |
| a | Project MUSE - Archive Complete Supplement IV |
| Withdrawn status | Lost status | Source of classification or shelving scheme | Damaged status | Not for loan | Permanent Location | Current Location | Shelving location | Date acquired | Source of acquisition | Total Checkouts | Full call number | Barcode | Date last seen | Price effective from | Koha item type | Public note |
|---|---|---|---|---|---|---|---|---|---|---|---|---|---|---|---|---|
| AU LIBRARY | AU LIBRARY | Open Shelf | 23.03.2022 | DONATION FROM MOI UNIVERSITY | R847 .R48 1974 | 28006311 | 23.03.2022 | 23.03.2022 | Book | WO |